Sports Quiz

Random Sports or Soccer Quiz

Best Paid Football Players 2015/16 Quiz Stats

 Plays Quiz not verified by Sporcle

Score 0/102 Timer 15:00
0 Plays Today
Club Player % Correct
BarcelonaLionel Messi
98.9%
Real MadridCristiano Ronaldo
98.6%
BarcelonaNeymar
98.4%
BarcelonaLuis Suàrez
97%
Real MadridGareth Bale
96.7%
PSGZlatan Ibrahimovic
93.2%
Manchester UnitedWayne Rooney
93.2%
Real MadridSergio Ramos
92.1%
Real MadridMarcelo
89.3%
BarcelonaAndrés Iniesta
87.7%
Real MadridKarim Benzema
87.4%
Manchester CitySergio Agüero
86.9%
BarcelonaGerard Piqué
85%
PSGThiago Silva
85%
Manchester CityDavid Silva
84.4%
Manchester UnitedDavid De Gea
83.3%
PSGEdinson Cavani
81.7%
ChelseaEden Hazard
79.8%
Bayern MünchenThomas Müller
79%
Real MadridToni Kroos
78.4%
Bayern MünchenRobert Lewandowski
78.1%
ChelseaDiego Costa
77.9%
ArsenalMesut Özil
77.9%
ArsenalAlexis Sánchez
77.9%
Bayern MünchenFranck Ribéry
77%
Real MadridLuka Modric
76.8%
JuventusPaul Pogba
75.4%
Manchester CityYaya Touré
75.1%
Bayern MünchenManuel Neuer
74.6%
BarcelonaSergio Busquets
72.7%
BarcelonaJordi Alba
72.1%
Real MadridJames Rodriguez
71.9%
Bayern MünchenPhilipp Lahm
71.9%
Atlético MadridAntoine Griezmann
71.9%
Club Player % Correct
BarcelonaDaniel Alves
71.3%
ChelseaJohn Terry
69.7%
Manchester CityKevin De Bruyne
68.6%
Manchester CityVincent Kompany
68.6%
Bayern MünchenJérôme Boateng
68.3%
BarcelonaIvan Rakitic
66.4%
Atlético MadridFernando Torres
66.4%
Manchester UnitedAnthony Martial
65.6%
ChelseaOscar
64.2%
ChelseaCesc Fàbregas
63.4%
Al SaddXavi
63.1%
PSGDavid Luiz
62.6%
Manchester UnitedBastian Schweinsteiger
62.3%
Borussia DortmundMarco Reus
62.3%
LiverpoolPhilippe Coutinho
61.7%
Real MadridPepe
59.8%
Atlético MadridDiego Godín
59.3%
ArsenalPetr Cech
58.7%
ChelseaThibaut Courtois
58.5%
Chelsea (on loan)Radamel Falcao
57.4%
BarcelonaJavier Mascherano
57.4%
Bayern MünchenXabi Alonso
56.6%
RomaEdin Dzeko
56.6%
Manchester CityJoe Hart
56.3%
Guangzhou EvergrandeJackson Martínez
55.2%
Bayern MünchenMario Götze
54.9%
Atlético MadridKoke
54.1%
Bayern MünchenArturo Vidal
53.8%
LiverpoolDaniel Sturridge
52.7%
Bayern MünchenThiago
51.6%
Manchester CityFernandinho
51.1%
BarcelonaClaudio Bravo
48.4%
ArsenalTheo Walcott
47.5%
LiverpoolJames Milner
47.3%
Club Player % Correct
Manchester UnitedMemphis Depay
47.3%
Manchester CityNicolás Otamendi
46.4%
LiverpoolRoberto Firmino
46.4%
LiverpoolJordan Henderson
45.1%
Jiangsu SuningRamires
44.5%
Manchester UnitedMichael Carrick
43.7%
AC Milan (on loan)Mario Balotelli
42.9%
ArsenalAaron Ramsey
42.3%
PSGBlaise Matuidi
41.5%
Manchester CityPablo Zabaleta
41.5%
Manchester CityFernando
41.3%
Manchester UnitedLuke Shaw
41%
RomaDaniele De Rossi
40.7%
PSGJavier Pastore
39.6%
Manchester CitySamir Nasri
38.8%
BarcelonaArda Turan
38.5%
PSGÀngel Di María
37.2%
Manchester UnitedAnder Herrera
36.3%
Manchester CityEliaquim Mangala
36.3%
LiverpoolChristian Benteke
35.5%
Manchester UnitedMarcos Rojo
34.2%
ArsenalDanny Welbeck
33.1%
Besiktas (on loan)Mario Gómez
32%
Manchester UnitedAshley Young
30.9%
Manchester UnitedMorgan Schneiderlin
29.2%
JuventusSami Khedira
29%
Manchester CityWilfried Bony
28.7%
Jiangsu SuningAlex Teixeira
25.7%
West Ham (on loan)Alex Song
23%
BarcelonaThomas Vermaelen
15%
NapoliGonzalo Higuaín
11.2%
ShanghaiAsamoah Gyan
10.7%
ShanghaiElkeson
1.9%
ShanghaiDarío Conca
1.9%

You're not logged in!

Compare scores with friends on all Sporcle quizzes.
OR
Log In

You Might Also Like...

Show Comments

Extras

Top Quizzes Today


Score Distribution

Your Account Isn't Verified!

In order to create a playlist on Sporcle, you need to verify the email address you used during registration. Go to your Sporcle Settings to finish the process.

Report this User

Report this user for behavior that violates our Community Guidelines.

Details: